00936cam a2200277 i 45000010009000000050017000090080041000260100017000670200018000840350013001020400028001150420008001430500025001510820016001761000040001922450099002322500017003312640053003483000048004013360026004493370028004753380027005035040067005306500023005976500038006201824398920250717112605.0140728s2015 okua b 001 0 eng  a 2014029321 a9781593702915 a18243989 aDLCbengcDLCerdadDLC apcc00aHD9502.A2bD335 201500a333.79bDAH1 aDahl, Carol A.q(Carol Ann),d1947-10aInternational energy markets :bunderstanding pricing, policies, and profits /cCarol A. Dahl. a2nd edition. 1aTulsa, Oklahoma :bPennWell Corporation,c[2015] axxviii, 683 pages :billustrations ;c24 cm atextbtxt2rdacontent aunmediatedbn2rdamedia avolumebnc2rdacarrier aIncludes bibliographical references (pages 613-653) and index. 0aEnergy industries. 0aInternational economic relations.